[Event "NED-chT"]
[Site "Hengelo NED"]
[Date "2000.02.27"]
[Round "4"]
[White "Sokolov,I"]
[Black "Piket,M"]
[Result "1-0"]
[WhiteElo "2637"]
[BlackElo "2345"]

1.d4 g6 2.e4 Bg7 3.c3 d6 4.Bg5 Nf6 5.Nd2 c5 6.dxc5 dxc5 7.Ngf3 O-O 8.Be2 Qc7
9.O-O Nc6 10.Qc2 b6 11.Bh4 Nh5 12.Rfe1 Bb7 13.Nc4 Rad8 14.a4 Nf4 15.Bf1 Bc8
16.Bg3 e5 17.Ne3 Na5 18.Bxf4 exf4 19.Nd5 Qd6 20.h3 Bb7 21.Rad1 Qb8 22.Rd2 Nc6
23.Red1 Ne5 24.Be2 Rde8 25.Qb3 Bc6 26.Nh2 g5 27.Bb5 Qc8 28.c4 Re6 29.Nf3 h6
30.Nxe5 Bxe5 31.Qf3 Kg7 32.Qg4 Bd4 33.Re2 Re5 34.Bxc6 Qxc6 35.Nxf4 Qxa4 36.Rc1 Qc6
37.Kh1 Rfe8 38.Rce1 Kh8 39.Nd3 R5e7 40.h4 Qf6 41.hxg5 hxg5 42.g3 Qg6 43.Kg2 Kg7
44.Nc1 a5 45.Nb3 Bf6 46.Nd2 Bxb2 47.Nf3 Bd4 48.Rh1 f6 49.Rh5 Rh8 50.Rxh8 Kxh8
51.Nh4 Qe8 52.Nf5 Rh7 53.Rd2 Qe6 54.Qf3 Qe5 55.Rd1 Qe6 56.Kg1 Rd7 57.Rb1 Rh7
58.Rd1 Rd7 59.Kg2 Rh7 60.Rd3 Kg8 61.Rd2 a4 62.e5 fxe5 63.Qa8+ Kf7 64.Qe4 Kg8
65.Rd3 Ra7 66.Qg4 Qg6 67.Rf3 Rf7 68.Qe4 Qe6 69.Qa8+ Kh7 70.g4  1-0

[Event "NED-chT"]
[Site "Leeuwarden NED"]
[Date "2000.03.18"]
[Round "5"]
[White "Sokolov,I"]
[Black "Klip,H"]
[Result "1-0"]
[WhiteElo "2637"]
[BlackElo "2330"]

1.d4 f5 2.Nc3 d5 3.Bf4 c6 4.e3 Nf6 5.Bd3 e6 6.Nf3 Be7 7.O-O O-O 8.Ne2 Bd7
9.c4 Be8 10.Qb3 b6 11.Rac1 Ne4 12.h3 c5 13.cxd5 exd5 14.dxc5 bxc5 15.Rfd1 Bf7
16.Ne5 Qb6 17.Nxf7 Qxb3 18.Nh6+ gxh6 19.axb3 Nc6 20.Bxh6 Rf7 21.f3 Ng5 22.Nf4 Nd8
23.Nxd5  1-0

[Event "NED-chT"]
[Site "Leeuwarden NED"]
[Date "2000.03.19"]
[Round "6"]
[White "Wiersma,E"]
[Black "Sokolov,I"]
[Result "0-1"]
[WhiteElo "2387"]
[BlackElo "2637"]

1.e4 e5 2.Nf3 Nc6 3.Bb5 Nf6 4.O-O Bc5 5.c3 O-O 6.d4 Bb6 7.Bg5 d6 8.Bxc6 bxc6
9.dxe5 dxe5 10.Nbd2 Qd6 11.Qc2 Nh5 12.Rfe1 Qg6 13.Be3 Nf4 14.g3 f6 15.a4 Be6
16.a5 Bxe3 17.Rxe3 Rad8 18.Nb3 Qh5 19.Nh4 Nh3+ 20.Kg2 Ng5 21.Nc5 Bh3+ 22.Kg1 Bg4
23.Kg2 Bd1 24.Qc1 f5 25.exf5 Rxf5 26.Nxf5 Qh3+ 27.Kg1 Qxf5 28.Kg2 Bf3+ 29.Kg1 Nh3+
30.Kf1 Rd1+  0-1

[Event "Dutch Team Championships"]
[Site "Breda NED"]
[Date "2000.06.01"]
[Round "1"]
[White "Lemmers,O"]
[Black "Sokolov,I"]
[Result "0-1"]
[WhiteElo "2415"]
[BlackElo "2637"]

1.e4 e5 2.Nf3 Nc6 3.Bb5 a6 4.Bxc6 dxc6 5.O-O Be7 6.Nxe5 Qd4 7.Qh5 g6 8.Nf3 Qxe4
9.Qa5 Qxc2 10.Re1 Qd3 11.Qxc7 Qd8 12.Qf4 Kf8 13.Nc3 g5 14.Qe3 Nh6 15.b3 Nf5
16.Qe2 h5 17.Bb2 g4 18.Ne5 Nd4 19.Qd1 Bf5 20.Ne2 c5 21.Bxd4 cxd4 22.Ng3 Bc8
23.Qc2 Qd5 24.Nc4 Qc6 25.Qb2 Bf6 26.Rac1 Be6 27.Ne4 Bg7 28.Ng5 Rh6 29.Qa3+ Kg8
30.Nd6 Qd7 31.Ndxf7 Bxf7 32.Re7 Qf5 33.Rc5 Bd5 34.Ne4 Re6 35.Rcc7 Bf8 36.Rxe6 Bxa3
37.Nf6+  0-1

[Event "HZ Open"]
[Site "Vlissingen NED"]
[Date "2000.07.30"]
[Round "3"]
[White "Sokolov,I"]
[Black "Afek,Y"]
[Result "1-0"]
[WhiteElo "2611"]
[BlackElo "2330"]

1.d4 d5 2.c4 dxc4 3.e3 c5 4.Bxc4 cxd4 5.exd4 Qc7 6.Bb3 Bg4 7.f3 Bf5 8.Nc3 Nf6
9.Nge2 e6 10.Bf4 Qb6 11.O-O Be7 12.g4 Bg6 13.h4 h6 14.Be3 Nc6 15.Bf2 Qc7
16.Qc1 Bh7 17.Rd1 Rd8 18.Kg2 Nb4 19.Qe3 Bc2 20.Rdc1 Bxb3 21.Nb5 Qd7 22.Nc7+ Kf8
23.Qxb3 Nfd5 24.a3 Nxc7 25.axb4 a6 26.Nc3 f6 27.Rc2 h5 28.Re1 hxg4 29.fxg4 e5
30.Re4 Qe6 31.Qxe6 Nxe6 32.dxe5 fxe5 33.Rxe5 Nf4+ 34.Kf3 Nd3 35.Rf5+ Kg8
36.h5 g6 37.hxg6 Rh3+ 38.Kg2 Nxf2 39.Rcxf2 Rh4 40.Nd5 Bd6 41.Nf6+ Kg7 42.Rh5 Rxh5
43.gxh5 Bxb4 44.Ng4 Rd2 45.Rxd2 Bxd2 46.Kf3 Bc1 47.Ke4 Bxb2 48.Kf5 Kf8 49.h6 Bh8
50.Ke6 a5 51.Ne3 Bg7 52.Nf5 Bxh6 53.Nxh6 Kg7 54.Kf5 a4 55.Kg5 a3 56.Nf5+ Kg8
57.Kf6  1-0

[Event "HZ Open"]
[Site "Vlissingen NED"]
[Date "2000.08.03"]
[Round "7"]
[White "Sokolov,I"]
[Black "David,Alb"]
[Result "1-0"]
[WhiteElo "2611"]
[BlackElo "2487"]

1.d4 Nf6 2.c4 e6 3.Nc3 d5 4.cxd5 exd5 5.Bg5 c6 6.e3 Be7 7.Bd3 Nbd7 8.Qc2 O-O
9.Nf3 Re8 10.h3 Nf8 11.O-O g6 12.Bh6 Nh5 13.e4 dxe4 14.Nxe4 Bf5 15.Rfe1 Bb4
16.Re3 Ne6 17.Qb3 Bf8 18.Bxf8 Rxf8 19.Bc4 Nhf4 20.Ng3 b5 21.Bf1 Ng7 22.Re5 Be6
23.Qe3 Nd5 24.Qh6 f6 25.Ree1 Nf5 26.Qc1 Qd7 27.Ne4 Bf7 28.Qc5 Kg7 29.Rac1 Nfe7
30.g3 Rad8 31.a3 Bg8 32.Qc2 Rc8 33.Bg2 Nf5 34.Nc5 Qd6 35.h4 Bf7 36.Bh3 Nde7
37.g4 Nh6 38.g5 fxg5 39.Bxc8 Bd5 40.Ne6+  1-0

[Event "Lost Boys Open"]
[Site "Amsterdam NED"]
[Date "2000.08.11"]
[Round "1"]
[White "Sokolov,I"]
[Black "Wippermann,T"]
[Result "1-0"]
[WhiteElo "2611"]
[BlackElo "2306"]

1.d4 c5 2.d5 g6 3.e4 Bg7 4.Nf3 d6 5.Bb5+ Nd7 6.a4 h6 7.O-O g5 8.Re1 a6 9.Bf1 g4
10.Nfd2 Ne5 11.Na3 Nf6 12.Ndc4 Nfd7 13.a5 h5 14.Bf4 Ng6 15.Bd2 h4 16.Qxg4 Nde5
17.Qd1 h3 18.g3 Ng4 19.c3 Rg8 20.Nb6 N6e5 21.Nxa8 Nxh2 22.Kxh2 Ng4+ 23.Qxg4 Bxg4
24.Nb6 e6 25.Nac4 Qf6 26.Nxd6+ Ke7 27.Be3  1-0

[Event "Lost Boys Open"]
[Site "Amsterdam NED"]
[Date "2000.08.12"]
[Round "2"]
[White "Wiersma,E"]
[Black "Sokolov,I"]
[Result "1/2-1/2"]
[WhiteElo "2402"]
[BlackElo "2611"]

1.e4 e5 2.Nf3 Nc6 3.Bb5 a6 4.Bxc6 dxc6 5.O-O Qf6 6.d4 exd4 7.Bg5 Qg6 8.Qxd4 Bd6
9.Nbd2 c5 10.Qc3 Bg4 11.Bh4 Nh6 12.Rfe1 b6 13.e5 Bf8 14.e6 Bxe6 15.Nd4 Bd6
16.Nxe6 fxe6 17.Qf3 Kd7 18.Nc4 Rab8 19.Rad1 Nf7 20.Bg3 Qf6 21.Qa3 a5 22.Ne5+ Nxe5
23.Bxe5 Qg6 24.Qa4+ Ke7 25.Qc6 Rbd8 26.Bxd6+ cxd6 27.Rd2 Rd7 28.Qxb6 a4 29.Qc6 a3
30.b3 h5 31.Red1 Rhd8 32.Qa6 h4 33.h3 Qe4 34.Qxa3 g5 35.Qb2 e5 36.Qc3 g4
37.hxg4 Qxg4 38.Qe3 Rg8 39.f3 Qg3 40.Qf2 Rg6 41.Re1 Kd8 42.Re4 h3 43.Qxg3 Rxg3
44.Rg4 Rxg2+ 45.Rdxg2 hxg2 46.Kxg2 Kc7 47.Kf2 Rh7 48.Rg2 Kc6 49.Ke3 Rh1 50.f4 Rh3+
51.Ke4 exf4 52.Kxf4 Rc3 53.Rd2 d5 54.Ke5 d4 55.b4 Re3+  1/2-1/2

[Event "Lost Boys Open"]
[Site "Amsterdam NED"]
[Date "2000.08.16"]
[Round "6"]
[White "Van der Sterren,P"]
[Black "Sokolov,I"]
[Result "0-1"]
[WhiteElo "2569"]
[BlackElo "2611"]

1.Nf3 d5 2.d4 c6 3.c4 Nf6 4.cxd5 cxd5 5.Nc3 e6 6.Bg5 h6 7.Bh4 Nc6 8.e3 Be7
9.Bd3 O-O 10.O-O a6 11.Rc1 Bd7 12.Ne5 Rc8 13.f4 Ne8 14.Bxe7 Nxe7 15.Qb3 Nd6
16.Nxd7 Qxd7 17.Na4 Rxc1 18.Rxc1 Rc8 19.Nc5 Qd8 20.Rc3 Rb8 21.g3 a5 22.Qc2 Nc4
23.Bxc4 dxc4 24.Rxc4 b5 25.Rc3 Nd5 26.Ra3 b4 27.Rd3 Nxe3 28.Qe2 Nd5 29.Qe5 Ne7
30.f5 exf5 31.d5 Ng6 32.Qxf5 Rb6 33.Ne4 Rb5 34.Rd4 Ne7 35.Qe5 Rxd5 36.Rxd5 Nxd5
37.Nd6 Nf6 38.Kf1 Qc7 39.Qd4 Qc2 40.Kg1 Qb1+ 41.Kg2 Qxa2 42.Nc4 a4  0-1

[Event "1st European Rapid Ch"]
[Site "Neum BIH"]
[Date "2000.10.02"]
[Round "3"]
[White "Chernin,A"]
[Black "Sokolov,I"]
[Result "1/2-1/2"]
[WhiteElo "2572"]
[BlackElo "2611"]

1.d4 Nf6 2.c4 c6 3.Nc3 d5 4.e3 a6 5.Qc2 g6 6.b3 Bg7 7.Nf3 O-O 8.Bd3 c5 9.cxd5 cxd4
10.Nxd4 Nxd5 11.Nxd5 Qxd5 12.Be4 Qa5+ 13.Bd2 Qb6 14.Bc3 e5 15.Nf3 Nc6 16.O-O Be6
17.Ng5 Bd7 18.Qb2 Qc7 19.Rac1 a5 20.Rfd1 Rad8 21.h3 h6 22.Nf3 Rfe8 23.Bxc6 Bxc6
24.Rxd8 Qxd8 25.Bxe5 Bf8 26.Bf6 Qd6 27.Bd4 Qd5 28.Qc2 a4 29.Bb2 Bg7 30.Bxg7 Kxg7
31.Rd1 Qa5 32.Nd4 axb3 33.axb3 Be4 34.Qb2 Qe5 35.Qd2 b6 36.f3 Bb7 37.Kf2 h5
38.Ne2 Kg8 39.Qd4 Qb5 40.b4 Ra8 41.Nc3 Qc6 42.Ne4 Qe6 43.Nf6+ Kf8 44.Nh7+ Kg8
45.Nf6+ Kf8 46.Qxb6 Bc6 47.Qd4 Ra2+ 48.Kg1 Re2 49.Qd6+ Kg7 50.Qxe6 fxe6 51.Nd7 Rxe3
52.Nc5 Kf6 53.Rb1 Bb5 54.Ne4+  1/2-1/2

[Event "1st European Rapid Ch"]
[Site "Neum BIH"]
[Date "2000.10.03"]
[Round "8"]
[White "Sokolov,I"]
[Black "Azmaiparashvili,Z"]
[Result "1/2-1/2"]
[WhiteElo "2611"]
[BlackElo "2673"]

1.d4 d6 2.Bg5 g6 3.c3 Bg7 4.e4 h6 5.Bh4 Nf6 6.Qc2 O-O 7.Nf3 b6 8.Be2 Nbd7
9.O-O g5 10.Bg3 Nh5 11.Re1 Nxg3 12.hxg3 Bb7 13.Nbd2 a6 14.Nf1 c5 15.dxc5 Nxc5
16.N3d2 d5 17.exd5 Bxd5 18.Ne3 Rc8 19.Nxd5 Qxd5 20.Nc4  1/2-1/2

[Event "1st European Blitz Ch"]
[Site "Neum BIH"]
[Date "2000.10.04"]
[Round "9"]
[White "Tkachiev,V"]
[Black "Sokolov,I"]
[Result "1-0"]
[WhiteElo "2657"]
[BlackElo "2611"]

1.d4 Nf6 2.c4 c6 3.Nc3 d5 4.e3 a6 5.Qc2 g6 6.Bd3 Bg7 7.Nf3 O-O 8.h3 c5 9.dxc5 Nc6
10.a3 dxc4 11.Bxc4 Qa5 12.b4 Qc7 13.Bb2 Bf5 14.Qb3 b5 15.cxb6 Qxb6 16.O-O Rab8
17.Nd5 Nxd5 18.Bxg7 Kxg7 19.Bxd5 Na7 20.Rac1 Qf6 21.Nd4 Nb5 22.Nxb5 axb5
23.Rc5 e6 24.Bc6 Rfd8 25.e4  1-0

[Event "1st European Blitz Ch"]
[Site "Neum BIH"]
[Date "2000.10.04"]
[Round "9"]
[White "Sokolov,I"]
[Black "Tkachiev,V"]
[Result "1/2-1/2"]
[WhiteElo "2611"]
[BlackElo "2657"]

1.d4 d6 2.Nf3 g6 3.Bg5 Bg7 4.c3 Nf6 5.Nbd2 O-O 6.e4 h6 7.Bh4 c5 8.dxc5 dxc5
9.Be2 Nc6 10.O-O Nh5 11.Qc2 Qc7 12.Rfe1 Bg4 13.h3 Be6 14.Nh2 Bf6 15.Bxf6 Nxf6
16.Nhf3 Rad8 17.Bc4 Bxc4 18.Nxc4 b5 19.Ne3 Ne5 20.Nxe5 Qxe5 21.Nd5 Nxd5 22.exd5 Qxd5
23.Rxe7  1/2-1/2

[Event "1st European Blitz Ch"]
[Site "Neum BIH"]
[Date "2000.10.05"]
[Round "11"]
[White "Tukmakov,V"]
[Black "Sokolov,I"]
[Result "1-0"]
[WhiteElo "2582"]
[BlackElo "2611"]

1.c4 e5 2.g3 f5 3.Bg2 Nf6 4.Nc3 g6 5.d3 Nc6 6.e4 d6 7.Nge2 Bg7 8.O-O O-O
9.Rb1 a5 10.h3 f4 11.gxf4 Nh5 12.Nd5 Nd4 13.Nxd4 exd4 14.f5 c6 15.f6 Nxf6
16.Nxf6+ Qxf6 17.f4 Qh4 18.Qe1 Qxe1 19.Rxe1 Bh6 20.Rf1 Rf7 21.Bd2 Bd7 22.Rf2 a4
23.Rbf1 Raf8 24.Kh2 Kh8 25.Kg3 c5 26.h4 b5 27.b3 bxc4 28.bxc4 Rb8 29.Ba5 Bc6
30.e5 Bxg2 31.Kxg2 dxe5 32.fxe5 Rxf2+ 33.Rxf2 a3 34.e6 Re8 35.Bb6 Rxe6 36.Bxc5 Be3
37.Re2 Ra6 38.Kf3 Kg8 39.Ke4 Kf7 40.Bxd4 Re6+ 41.Kd5  1-0

[Event "1st European Blitz Ch"]
[Site "Neum BIH"]
[Date "2000.10.05"]
[Round "11"]
[White "Sokolov,I"]
[Black "Tukmakov,V"]
[Result "1/2-1/2"]
[WhiteElo "2611"]
[BlackElo "2582"]

1.d4 Nf6 2.c4 g6 3.Nc3 d5 4.Nf3 Bg7 5.Bf4 O-O 6.Rc1 c5 7.dxc5 dxc4 8.Qxd8 Rxd8
9.e3 Na6 10.c6 bxc6 11.Bxc4 Nb4 12.Ne5 Nfd5 13.Nxc6 Bxc3+ 14.Rxc3 Nxc6 15.Bxd5 Rxd5
16.Rxc6 Bb7 17.Rc7 Rb5 18.O-O Rxb2 19.Rxe7 Bd5 20.a3 a5 21.e4 Be6 22.Bd6 Re2
23.f3 a4 24.h4 Rc8 25.Be5 Kf8 26.Rc7 Rxc7 27.Bxc7 Ke7 28.Ba5 Kd7 29.Rd1+ Kc6
30.Rb1 Bb3 31.Bb4 Ra2 32.Rc1+ Kb6 33.Rc5 Ra1+  1/2-1/2

[Event "34th Olympiad"]
[Site "Istanbul TUR"]
[Date "2000.10.29"]
[Round "2"]
[White "Ivanisevic,I"]
[Black "Sokolov,I"]
[Result "1/2-1/2"]
[WhiteElo "2530"]
[BlackElo "2611"]

1.d4 Nf6 2.c4 c6 3.Nc3 d5 4.e3 a6 5.Qc2 g6 6.Bd3 Bg7 7.Nf3 Bg4 8.Ne5 Be6
9.O-O O-O 10.b3 c5 11.cxd5 Nxd5 12.Nxd5 Bxd5 13.Qxc5 Bxe5 14.dxe5 Bxg2 15.Kxg2 Qxd3
16.Qxe7 Nc6 17.Qf6 Rfe8 18.Bb2 Nxe5 19.Bxe5 Qd5+ 20.Qf3 Rxe5 21.Qxd5 Rxd5
22.Rfd1 Rad8 23.Rxd5 Rxd5 24.Rc1 Rd2 25.Rc7 b5 26.a4 bxa4 27.bxa4 Ra2 28.Rc4  1/2-1/2

[Event "34th Olympiad"]
[Site "Istanbul TUR"]
[Date "2000.10.29"]
[Round "2"]
[White "Ivanisevic,I"]
[Black "Sokolov,I"]
[Result "1/2-1/2"]
[WhiteElo "2530"]
[BlackElo "2611"]

1.d4 Nf6 2.c4 c6 3.Nc3 d5 4.e3 a6 5.Qc2 g6 6.Bd3 Bg7 7.Nf3 Bg4 8.Ne5 Be6
9.O-O O-O 10.b3 c5 11.Nxd5 Bxd5 12.Qc3 Bxg2 13.Kxg2 Nc6 14.Bb2 Re8 15.d5 b5
16.a4 bxa4 17.bxa4  1/2-1/2

[Event "Tch-NED"]
[Site "NED"]
[Date "2001.03.03"]
[Round "5"]
[White "Sokolov,I"]
[Black "Sadler,M"]
[Result "1-0"]
[WhiteElo "2659"]
[BlackElo "2633"]

1.d4 d5 2.c4 e6 3.Nc3 Nf6 4.cxd5 exd5 5.Bg5 Be7 6.e3 Nbd7 7.Bd3 O-O 8.Nf3 Re8
9.O-O c6 10.Qc2 Nf8 11.h3 g6 12.Bh6 Bd6 13.Rab1 Bd7 14.Rfe1 Qc8 15.Ng5 Ne6
16.f4  1-0

[Event "Tch-NED"]
[Site "NED"]
[Date "2001.03.04"]
[Round "6"]
[White "Reinderman,D"]
[Black "Sokolov,I"]
[Result "0-1"]
[WhiteElo "2539"]
[BlackElo "2659"]

1.e4 e5 2.Nf3 Nc6 3.Bb5 a6 4.Bxc6 dxc6 5.O-O f6 6.d4 Bg4 7.c3 Bd6 8.Be3 Ne7
9.Nbd2 Qd7 10.h3 Be6 11.c4 Ng6 12.Re1 O-O 13.c5 Be7 14.Qc2 Rad8 15.Kh2 f5
16.dxe5 f4 17.Bd4 Nh4 18.b4 Qe8 19.Bc3 Qh5 20.Rh1 Rxd2 21.Nxd2 f3 22.g4 Qg6
23.Nf1 h5 24.Ng3 hxg4 25.hxg4 Rf4 26.Rad1 Rxg4 27.Rd3 Rf4 28.Bd2 Rf8 29.Bc1 Qg4
30.Kg1 Ng6 31.Kf1 Nxe5 32.Rd1 Bh4 33.Bb2 Bxg3 34.fxg3 Qxg3 35.Qf2 Bc4+ 36.Ke1 Qf4
37.Rd4 Nd3+ 38.Rxd3 Qxe4+ 39.Kd2 Qxd3+ 40.Kc1 Bxa2 41.Bxg7 Qb1+ 42.Kd2 Qxh1  0-1

[Event "Tch-NED"]
[Site "NED"]
[Date "2001.03.25"]
[Round "8"]
[White "Kocsis,Le"]
[Black "Sokolov,I"]
[Result "0-1"]
[WhiteElo "2392"]
[BlackElo "2659"]

1.c4 e5 2.Nc3 Bb4 3.Qb3 Nc6 4.Nd5 a5 5.e3 Nf6 6.a3 Bc5 7.d3 O-O 8.Ne2 Nxd5
9.cxd5 Ne7 10.g3 c6 11.Nc3 d6 12.Bg2 cxd5 13.Nxd5 a4 14.Qb5 Nxd5 15.Bxd5 Bd7
16.Qc4 Rc8 17.Qa2 Bh3 18.b4 axb3 19.Qxb3 Kh8 20.Ke2 f5 21.Be6 Rc7 22.Bb2 Qg5
23.Rac1 Qh5+ 24.Ke1 Qf3 25.Bd5 e4  0-1

[Event "Dos Hermanas Internet KO"]
[Site "ICC INT"]
[Date "2001.04.06"]
[Round "1.2"]
[White "Sokolov,I"]
[Black "Shevelev,A"]
[Result "1-0"]
[WhiteElo "2659"]
[BlackElo "2364"]

1.d4 Nf6 2.c4 c5 3.d5 b5 4.Nf3 Qa5+ 5.Nc3 b4 6.Na4 d6 7.a3 Ne4 8.Nd2 Bf5
9.Nxe4 Bxe4 10.axb4 Qxb4+ 11.Nc3 Bf5 12.e4 Bc8 13.Be2 g6 14.O-O Bg7 15.Nb5 O-O
16.Ra4 Na6 17.Rxb4 Nxb4 18.Bg5 f6 19.Bd2 a6 20.Nc3 Rb8 21.Bg4 f5 22.exf5 gxf5
23.Be2 f4 24.Bg4 Nd3 25.Bxc8 Rfxc8 26.b3 Rf8 27.Qc2 Ne5 28.Ne4 f3 29.g3 h6
30.Bc3 Rb7 31.Re1 Rfb8 32.Nxc5 dxc5 33.Bxe5 Bxe5 34.Rxe5 Kg7 35.h4  1-0

[Event "Dos Hermanas Internet KO"]
[Site "ICC INT"]
[Date "2001.04.06"]
[Round "1.1"]
[White "Shevelev,A"]
[Black "Sokolov,I"]
[Result "1/2-1/2"]
[WhiteElo "2364"]
[BlackElo "2659"]

1.e4 e5 2.Nf3 Nc6 3.d4 exd4 4.c3 d5 5.exd5 Qxd5 6.cxd4 Bb4+ 7.Nc3 Nf6 8.Be2 O-O
9.O-O Bxc3 10.bxc3 Bg4 11.c4 Qd6 12.Be3 Rfe8 13.d5 Na5 14.Qc2 b6 15.Rfd1 Ne4
16.Nd4 Bxe2 17.Nxe2 Nb7 18.Nd4 Nbc5 19.f3 Nf6 20.Bf2 Nh5 21.Qf5 Qg6 22.Qxg6 hxg6
23.Nb5 Na6 24.Re1 Nf4 25.Bg3 g5 26.Bxf4 gxf4 27.Kf2 Kf8 28.Rxe8+ Kxe8 29.Re1+ Kd7
30.Re4 Nc5 31.Rd4 Re8 32.g3 fxg3+ 33.hxg3 f5 34.Rd2 g5 35.Nxa7 f4 36.gxf4 gxf4
37.Nc6 Re3 38.Re2 Nd3+ 39.Kf1 Rxf3+ 40.Kg2 Rg3+ 41.Kh2 Re3 42.Rxe3 fxe3 43.Nd4 Ne5
44.Kg1 Nxc4 45.Kf1 Kd6 46.Nb5+ Kxd5 47.Nxc7+ Kd4 48.Ke2 Ke4 49.Nb5 Kd5 50.Nc3+ Kc5
51.Kd3 b5 52.Nd1 Kb4 53.Nc3 Nb2+ 54.Kc2 Na4 55.Nd5+ Ka3 56.Nxe3 Kxa2 57.Nd5 Nc5
58.Kc3 Ka3 59.Ne3 b4+ 60.Kc4 b3 61.Kxc5 b2 62.Nc4+ Kb3 63.Nxb2  1/2-1/2

[Event "7th Tan Chin Nam Cup"]
[Site "Shanghai CHN"]
[Date "2001.07.13"]
[Round "5"]
[White "Zhang Zhong"]
[Black "Sokolov,I"]
[Result "1/2-1/2"]
[WhiteElo "2632"]
[BlackElo "2659"]

1.e4 e5 2.Nf3 Nc6 3.Bb5 Nf6 4.O-O Nxe4 5.d4 Nd6 6.Bxc6 dxc6 7.dxe5 Nf5 8.Qxd8+ Kxd8
9.Nc3 Bd7 10.b3 Kc8 11.Bb2 h6 12.Rad1 a5 13.h3 Be7 14.Ne4 b6 15.g4 Nh4 16.Nxh4 Bxh4
17.f4 Re8 18.f5 c5 19.e6 fxe6 20.f6 gxf6 21.Nxf6 Rd8 22.Be5 Bc6 23.Rxd8+ Kxd8
24.Ng8 a4 25.Rf8+ Kd7 26.Rf7+ Ke8 27.Rxc7 axb3 28.axb3 Be4 29.c4 Kf8 30.Nf6 Bxf6
31.Bxf6 Ra2 32.Bg7+ Ke8 33.Bxh6 Rg2+ 34.Kf1 Rg3 35.Bg5 Rxh3 36.Re7+ Kf8 37.Rxe6 Bc2
38.Rxb6 Bxb3 39.Kg2 Rd3 40.Bh6+ Kg8 41.g5 Bxc4 42.g6 Rd8 43.Kg3 Bd5 44.Bg5 Rf8
45.Rd6 Rf3+ 46.Kh4 Rd3 47.Bh6 Rd4+ 48.Kg5 Be4 49.Rf6 Rd5+ 50.Kf4 Bxg6 51.Rxg6+ Kf7
52.Rc6 Ke7 53.Ke4 Rd4+ 54.Ke5 Rd1 55.Rc7+ Kd8 56.Rxc5 Kd7 57.Bf4 Re1+ 58.Kf5 Rf1
59.Rc4 Ke7 60.Rc7+ Kd8 61.Rh7 Kc8 62.Ke5 Re1+ 63.Kd5 Rd1+ 64.Kc6 Rd7 65.Rh8+ Rd8
66.Rh1 Rd7 67.Rb1 Rc7+ 68.Kd6 Rg7 69.Kd5 Rb7 70.Rg1 Kd7 71.Bd6 Rb5+ 72.Bc5 Rb7
73.Rh1 Kc7 74.Rh6 Kd7 75.Re6 Kc7 76.Rf6 Kd7 77.Rf8 Kc7 78.Ke6 Kc6 79.Bd6 Rb3
80.Be5 Rd3 81.Rc8+ Kb5 82.Bc3 Kb6 83.Ke5 Kb7 84.Rc4 Rd7 85.Bd4 Rc7 86.Bc5 Kc8
87.Kd5 Rb7 88.Bd6+ Kd7 89.Rc5 Ke8  1/2-1/2

[Event "ECC"]
[Site "Panormo GRE"]
[Date "2001.09.24"]
[Round "2"]
[White "Sokolov,I"]
[Black "Vestly,J"]
[Result "1-0"]
[WhiteElo "2659"]
[BlackElo "2109"]

1.d4 Nf6 2.c4 c5 3.d5 b5 4.Nf3 g6 5.cxb5 a6 6.b6 d6 7.Nc3 Bg7 8.e4 O-O 9.Qb3 Bb7
10.a4 a5 11.Nd2 Nbd7 12.Nc4 Ng4 13.Bg5 Nde5 14.h3 Nxc4 15.hxg4 Nxb6 16.Nb5 Bc8
17.Qg3 f6 18.Bd2 Rf7 19.Ra3 Bd7 20.Qh2 Bh8 21.Rh3 h5 22.Rxh5 gxh5 23.Qxh5 Bg7
24.Qh7+ Kf8 25.Bh6 e5 26.Nxd6 Be8 27.Nxf7 Bxf7 28.Bxg7+ Ke7 29.Bxf6+ Kxf6
30.Qh4+ Kg6 31.Qh6+  1-0

[Event "ECC"]
[Site "Panormo GRE"]
[Date "2001.09.29"]
[Round "7"]
[White "Sokolov,I"]
[Black "Maljush,A"]
[Result "1-0"]
[WhiteElo "2659"]
[BlackElo "2312"]

1.d4 e6 2.c4 Nf6 3.Nf3 d5 4.Nc3 Be7 5.Bg5 Nbd7 6.Qc2 O-O 7.Rd1 b6 8.cxd5 exd5
9.e3 Bb7 10.Bd3 Ne4 11.Bf4 Ndf6 12.O-O Bd6 13.Ne5 Rc8 14.Nb5 Nh5 15.Nxa7 Ra8
16.Nac6 Qe8 17.f3 Nxf4 18.exf4 Bxc6 19.Nxc6 Nf6 20.Rfe1 Qc8 21.a4 Re8 22.g3 g6
23.Bb5 Rxe1+ 24.Rxe1 Qh3 25.b4 h5 26.a5 h4 27.Qg2 Qf5 28.a6 Kg7 29.Bf1 hxg3
30.hxg3 g5 31.a7 b5 32.Bxb5 Nd7 33.fxg5 Qxg5 34.f4 Qf5 35.Qf3 Nb6 36.Bd3 Qh3
37.Bf1 Qd7 38.f5 Kf6 39.Re6+ Kg7 40.f6+ Kh6 41.Qh1+  1-0

[Event "Jonsson Mem Open"]
[Site "Reykjavik ISL"]
[Date "2001.11.01"]
[Round "9"]
[White "Gunnarsson,Arn"]
[Black "Sokolov,I"]
[Result "1/2-1/2"]
[WhiteElo "2289"]
[BlackElo "2658"]

1.c4 e5 2.Nc3 Bb4 3.Nd5 Bc5 4.Nf3 e4 5.d4 Be7 6.Nd2 c6 7.Nxe7 Qxe7 8.Qc2 Nf6
9.Nb3 O-O 10.Bg5 Re8 11.e3 d6 12.Be2 Nbd7 13.O-O h6 14.Bh4 Nf8 15.d5 c5 16.Na5 Ng6
17.Bg3 h5 18.h3 h4 19.Bh2 Qc7 20.b4 Bd7 21.Qd2 Ne5 22.bxc5 dxc5 23.d6 Qc8
24.Qb2 Nc6 25.Nb3 b6 26.f3 Re6 27.Rad1 Qe8 28.f4 Qc8 29.f5 Re8 30.Bg4 Qa6
31.Qf2 Qxc4 32.Qxh4 Ne5 33.Bf4 Nd3 34.Bg5 Qc3 35.Nd4 Nxg4 36.f6 Nde5 37.fxg7 Ng6
38.Qh5 cxd4 39.hxg4 Re5 40.Rf5 Rxf5 41.gxf5 dxe3 42.fxg6 Qxg7 43.gxf7+ Qxf7
44.Qe2 Qf2+  1/2-1/2

[Event "Corus B"]
[Site "Wijk aan Zee NED"]
[Date "2002.01.16"]
[Round "2"]
[White "Sokolov,I"]
[Black "Skripchenko,A"]
[Result "1-0"]
[WhiteElo "2659"]
[BlackElo "2498"]

1.d4 d5 2.Nf3 e6 3.g3 Nf6 4.Bg2 c5 5.O-O Nc6 6.c4 dxc4 7.Qa4 Bd7 8.Qxc4 b5
9.Qd3 Rc8 10.dxc5 Bxc5 11.Nc3 b4 12.Ne4 Nxe4 13.Qxe4 O-O 14.Rd1 Qe7 15.Bg5 f6
16.Bh3 Nd8 17.Be3 Bc6 18.Bxc5 Qxc5 19.Bxe6+ Kh8 20.Bd5 Bb5 21.Nd4 Re8 22.Qf3 Ba6
23.e4 Nb7 24.Nf5 Rc7 25.Qf4 Qb6 26.Rac1 Rxc1 27.Rxc1 Nc5 28.Qd6 Nd3 29.Qxb6 axb6
30.Rc7 Rc8 31.Rxc8+ Bxc8 32.Nd6 Ba6 33.Nf7+ Kg8 34.Ne5+ Kf8 35.Nxd3 Bxd3
36.f4 Ke7 37.Kf2 Kd6 38.Ke3 Bf1 39.Kd4 Ke7 40.Bc4 Bg2 41.Bd3 Bh3 42.Kc4 Be6+
43.Kxb4  1-0

[Event "Corus B"]
[Site "Wijk aan Zee NED"]
[Date "2002.01.19"]
[Round "4"]
[White "Sokolov,I"]
[Black "Peng Zhaoqin"]
[Result "1-0"]
[WhiteElo "2659"]
[BlackElo "2460"]

1.d4 d5 2.Nf3 c6 3.c4 Nf6 4.e3 Bf5 5.Nc3 e6 6.Nh4 Be4 7.f3 Bg6 8.Qb3 Qc7
9.Bd2 Nbd7 10.Rc1 Be7 11.g3 Nb6 12.cxd5 exd5 13.Be2 O-O 14.Kf2 Qd7 15.Nxg6 hxg6
16.h4 c5 17.Qb5 cxd4 18.exd4 Qe6 19.b3 Bd6 20.g4 Rac8 21.Rce1 Bb8 22.Qd3 Rfe8
23.Bd1 Qd6 24.Rxe8+ Rxe8 25.Rh3 a6 26.h5 gxh5 27.gxh5 Nc8 28.Bc2 Ne7 29.Ne2 Qe6
30.Ng1 Nc6 31.Kg2 Ba7 32.Rh4 Nxd4 33.Rxd4 Bxd4 34.Qxd4 Nxh5 35.Bd3 Qe5 36.Qxe5 Rxe5
37.Ne2 Re8 38.Kf2 g6 39.Nc3 Rd8 40.Na4 Rc8 41.Nb6 Rd8 42.a4 Ng7 43.Bb4 d4
44.Be7 Re8 45.Nd5  1-0

[Event "Corus B"]
[Site "Wijk aan Zee NED"]
[Date "2002.01.27"]
[Round "11"]
[White "Sokolov,I"]
[Black "Van der Wiel,J"]
[Result "1/2-1/2"]
[WhiteElo "2659"]
[BlackElo "2501"]

1.d4 Nf6 2.c4 e6 3.Nc3 Bb4 4.Qc2 O-O 5.a3 Bxc3+ 6.Qxc3 Ne4 7.Qc2 f5 8.e3 b6
9.Ne2 c5 10.f3 Nd6 11.b3 Bb7 12.dxc5 bxc5 13.Bb2 Nc6 14.Rd1 Ne8 15.Ng3 Bc8
16.Bd3 Rb8 17.Bc3 Qb6 18.Rb1 d5 19.O-O Nd6 20.Kh1 Bd7 21.Nh5 Rf7 22.Ba1 dxc4
23.Bxc4 Nxc4 24.Qxc4 Ne7 25.Bxg7 Bb5 26.Qc3 Nd5 27.Qe5 Bxf1 28.Rxf1 Qc7 29.Qxe6 Qd7
30.Qa6 Qb5 31.Qxb5 Rxb5 32.Rd1 Rxb3 33.h4 Rxg7 34.Nxg7 Nxe3 35.Rd7 Rb1+ 36.Kh2 Rb2
37.Kh3 f4 38.Ne6 Rxg2 39.Nxf4 Ra2 40.Rxa7 c4 41.h5 h6 42.Ne6 c3 43.Rg7+ Kh8
44.Rf7 c2 45.Rf8+ Kh7 46.Rf7+ Kg8 47.Rf8+ Kh7  1/2-1/2

[Event "3rd Karpov It"]
[Site "Poikovsky RUS"]
[Date "2002.04.16"]
[Round "1"]
[White "Sokolov,I"]
[Black "Vescovi,G"]
[Result "1/2-1/2"]
[WhiteElo "2647"]
[BlackElo "2611"]

1.d4 Nf6 2.c4 e6 3.Nc3 Bb4 4.Qc2 O-O 5.a3 Bxc3+ 6.Qxc3 b6 7.Bg5 Bb7 8.f3 h6
9.Bh4 d5 10.e3 Nbd7 11.cxd5 Nxd5 12.Bxd8 Nxc3 13.Bh4 Nd5 14.Bf2 c5 15.e4 Ne7
16.Bb5 Bc6 17.Bd3 Ba4 18.Ne2 Nc6 19.Rc1 cxd4 20.Nxd4 Nc5 21.Be2 Nxd4 22.Bxd4 Nb3
23.Rd1 Nc5 24.Rc1 Nb3 25.Rd1 Nc5 26.Rc1  1/2-1/2

[Event "Dutch Team Playoffs"]
[Site "Enschede NED"]
[Date "2002.05.09"]
[Round "1"]
[White "Smeets,J"]
[Black "Sokolov,I"]
[Result "0-1"]
[WhiteElo "2354"]
[BlackElo "2647"]

1.e4 e5 2.Nf3 Nc6 3.d4 exd4 4.Nxd4 Bc5 5.Nxc6 Qf6 6.Qd2 bxc6 7.Nc3 Qg6 8.f4 Ne7
9.Bd3 d5 10.e5 Bf5 11.Na4 Bd4 12.Bxf5 Nxf5 13.Qe2 h5 14.Bd2 a5 15.O-O-O O-O
16.Rhe1 Rfe8 17.Qd3 c5 18.c4 dxc4 19.Qc2 Qe6 20.Kb1 Reb8 21.Rc1 Qd7 22.e6 fxe6
23.Bc3 Bxc3 24.Nxc3 Rb4 25.Qe4 Rab8 26.Nd1 Nd4 27.Rf1 c3 28.Rxc3 Nb3 29.Rd3 Nd2+
30.Kc1 Rxe4  0-1

[Event "TCh-BIH"]
[Site "Neum BIH"]
[Date "2002.06.02"]
[Round "1"]
[White "Savanovic,A"]
[Black "Sokolov,I"]
[Result "0-1"]
[WhiteElo "2404"]
[BlackElo "2647"]

1.e4 e5 2.Nf3 Nc6 3.Bb5 a6 4.Ba4 Nf6 5.O-O Be7 6.Re1 b5 7.Bb3 d6 8.c3 O-O
9.h3 Na5 10.Bc2 c5 11.d4 Qc7 12.Nbd2 cxd4 13.cxd4 Nc6 14.Nb3 a5 15.Be3 a4
16.Nbd2 Bd7 17.Rc1 Rac8 18.Bd3 Qb8 19.Qe2 Rc7 20.d5 Na7 21.b4 Rb7 22.Nh2 Bd8
23.f4 exf4 24.Bxf4 Re8 25.Qf3 Bb6+ 26.Kh1 Bd4 27.g4 Rc8 28.Qg3 Rxc1 29.Rxc1 Nc8
30.Nhf3 Bb2 31.Rc2 a3 32.Nb3 Qa7 33.Kg2 Qb6 34.Qf2 Qd8 35.Nfd4 h5 36.g5 Nh7
37.Na5 Rb6 38.Nac6 Qe8 39.Nxb5 Rxb5 40.Bxb5 Qxe4+ 41.Kh2 Qf5 42.Bf1 Nxg5
43.Bxg5 Qxg5 44.b5 Bc1 45.Bg2 Be3 46.Qf3 Nb6 47.Kh1 h4 48.Re2 Bc5 49.Re7 f6
50.Qe2 Bxh3  0-1